000 00599nam a2200229Ia 4500
003 OSt
005 20221005123940.0
006 a|||||r|||| 00| 0
007 ta
008 221004b |||||||| |||| 00| 0 eng d
024 _a33573
037 _cTextual
040 _aCRL
_cCRL
_beng
041 _2eng
_aeng
082 _aNv5:M9, K5.1-.2
100 _aHauser Arnold
245 0 _aMannerism
_bThe crisis of the renaissance and the origin of modern art
260 _c1955
650 _aARTS
942 _hNv5:M9, K5.1-.2
_cTEXL
_2cc
999 _c1049032
_d1049032